Night by Wiesel as a Chain - Statistics

General Stats
  • This quiz has been taken 67 times
  • The average score is 11 of 17
Answer Stats
Hint Answer % Correct
Which German group was anti-Semitic? Nazi
92%
The prisoners were forced to go on a ____ when the Allies were getting too close. death march
85%
They were running around like this before they could get new clothes. naked
85%
This would occasionally happen in the camp to get rid of unhealthy prisoners. selection
85%
Another word Wiesel used for a prisoner. inmate
69%
Elie received 25 of these for being curious. lashes
69%
Elie's youngest sister. Tzipora
69%
Busted for obtaining gold crowns for personal use. dentist
62%
The Jews left this wide open when leaving the ghettos. door
62%
The Jews had to be _____ when the liberators were getting close to the camps. evacuated
62%
What the prisoners of the camps went through every morning and evening roll call
62%
What did Franek want from Elie? gold crown
54%
The Jews considered the Russians and Americans their ______. heroes
54%
This was used to identify the Jews. Star of David
54%
He performed the selections. Dr. Mengele
46%
The Jews became _____ because of lack of food. emaciated
46%
With the death of his father, Elie felt this way. alone
38%
No matching quizzes found
Score Distribution
Percent of People with Each Score
Percentile by Number Answered
Your Score History
You have not taken this quiz